Cities by Former Names - Hard Version - Statistics

General Stats
  • This quiz has been taken 107 times
  • The average score is 2 of 14
Answer Stats
Current Former % Correct
İzmir Smyrna
73%
Bratislava Pressburg/Pozsony
33%
Strasbourg Argentoratum/Strassburg
24%
Rijeka Fiume/Sankt Veit am Fluß
18%
Sibiu Hermannstadt/Nagyszeben
10%
Ljubljana Laibach
9%
Bandar Seri Begawan Brunei Town
8%
Ottawa Bytown
8%
Maribor Marburg
6%
Varna Stalin/Odesos
6%
Sopron Ödenburg
5%
Melbourne Bearbrass
3%
Vancouver Wu'muthkweyum
1%
Stepanakert Xankəndi
1%
No matching quizzes found
Score Distribution
Percent of People with Each Score
Percentile by Number Answered
Your Score History
You have not taken this quiz